000 00203 a2200097 4500
001 806
100 _aEneritt,W.L
245 _aCommunication engineering
260 _a
_bMcgrawhill
_c
090 _c398
_d398
942 _aNUST-CAE
_cM
_c30244
999 _c235879
_d235879